01113 2200361 4500001002100000005001500021035002000036007000300056008004100059040002200100082001500122084001700137090002100154090002200175090001900197245010800216300003000324650001100354850001200365110003900377264009300416336002100509337003000530338002300560999002200583990002000605990002000625990002200645990002000667990002200687990002200709990002000731INLIS00000000085401620200206033010 a0010-0220000186ta200206n yoi g s0 s ind d aYOPDYOGbinderda04223a808.51 a808.51 YOG h aDEP 808.51 YOG h aCB-D.11 [s.a]-190 aR 808.51 YOG h10aHimpunan pidato gubernur Daerah Istimewa Yogyakarta Propinsi DIY /cBadan Informasi Daerah Propinsi DIY axiv, 346 halaman ;c21 cm 4aPidato aYOPDYOG2 aYogyakarta. Badan Informasi Daerah34aYogyakarta :bBadan Informasi Daerah Propinsi DIY,c[Tahun terbit tidak teridentifikasi] 2rdacontentateks 2rdamediaatanpa perantara 2rdacarrieravolume aCB-D.11/[s.a]-190 a65903-PD/A-2020 a65903-PD/A-2020 aCB-D.11/[s.a]-190 a65903-PD/A.2020 aCB-D.11/[s.a]-190 aCB-D.11/[s.a]-190 a65903-PD/A.2020